[Event "Tournoi francophone 010 Groupe C"]
[Site "Skype"]
[Date "????.??.??"]
[Round "1.1"]
[White "De Coninck, Philippe"]
[Black "Amato, Ludovica"]
[Result "1/2-1/2"]
[WhiteElo "1354"]
[BlackElo "1379"]
[PlyCount "66"]

1. e4 e5 2. Nf3 Nf6 3. Nc3 Bb4 4. Bd3 Nc6 5. a3 Be7 6. Bc4 O-O 7. O-O a6 8. d3
h6 9. h3 Bc5 10. Na4 Ba7 11. Bd2 d5 12. exd5 Nxd5 13. Nc3 Nf6 14. Qc1 Bf5 15.
Nh4 Bh7 16. Bxh6 gxh6 17. Qxh6 Nd7 18. Ne4 Bxe4 19. dxe4 Qf6 20. Qxf6 Nxf6 21.
Bd3 Rad8 22. Rad1 Nd7 23. b4 Bd4 24. Rb1 Nf6 25. Nf5 Bb6 26. Kh2 Rd7 27. f4
Rfd8 28. Rf3 Nd4 29. Rg3+ Kf8 30. fxe5 Nh5 31. Rg4 Ne6 32. Rh4 Nef4 33. g3 Bf2
1/2-1/2

[Event "Tournoi francophone 010 Groupe C"]
[Site "Skype"]
[Date "????.??.??"]
[Round "1.2"]
[White "Bustos, Ricardo"]
[Black "Martin, Jean-Claude"]
[Result "0-1"]
[WhiteElo "1174"]
[BlackElo "1389"]
[PlyCount "44"]

1. d4 e5 2. dxe5 Nc6 3. Nf3 Qe7 4. Bg5 Qb4+ 5. Bd2 Qxb2 6. Bc3 Bb4 7. a3 Bxc3+
8. Nxc3 Qxc3+ 9. Nd2 Nd4 10. Rc1 Qxa3 11. e3 Nc6 12. Nf3 Qa5+ 13. Qd2 Qxd2+ 14.
Kxd2 Nge7 15. e4 O-O 16. Be2 Ng6 17. Rhd1 Ncxe5 18. Nxe5 Nxe5 19. Ke1 d6 20. h3
Re8 21. f4 Nc4 22. Bxc4 Rxe4+ 0-1

[Event "Tournoi francophone 010 Groupe C"]
[Site "Skype"]
[Date "????.??.??"]
[Round "1.3"]
[White "Moumtaz, Abderrahim"]
[Black "Milanese, Serge"]
[Result "1-0"]
[WhiteElo "1244"]
[BlackElo "1350"]
[PlyCount "91"]

1. d4 Nf6 2. c4 e6 3. Nf3 d5 4. Bg5 Be7 5. Nc3 Nbd7 6. e3 Bb4 7. Bd3 Bxc3+ 8.
bxc3 O-O 9. O-O c5 10. Re1 Qc7 11. Bf4 Qc6 12. Ne5 Nxe5 13. Bxe5 Kh8 14. dxc5
Qxc5 15. Bd4 Qd6 16. Bxf6 gxf6 17. Qh5 f5 18. Qh6 Rg8 19. Qf6+ Rg7 20. h4 Bd7
21. f4 dxc4 22. Bxc4 Qd2 23. Re2 Qd6 24. h5 h6 25. Qxh6+ Rh7 26. Qf6+ Kg8 27.
h6 Qc6 28. Bd3 Qd5 29. Rd1 Bb5 30. Red2 Qd8 31. Qxd8+ Rxd8 32. Bxb5 Rf8 33. Rd8
Rxh6 34. Rxf8+ Kxf8 35. Rd8+ Ke7 36. Rd7+ Ke8 37. Rxb7+ Kd8 38. Rxf7 a5 39. Ra7
Rh8 40. Rxa5 Kc7 41. Ra7+ Kb6 42. Ra6+ Kxb5 43. Rxe6 Rf8 44. Re5+ Kc4 45. a4
Kxc3 46. a5 1-0

[Event "Tournoi francophone 010 Groupe C"]
[Site "Skype"]
[Date "????.??.??"]
[Round "1.4"]
[White "Marino, Giuseppe"]
[Black "Khabou, Taha"]
[Result "0-1"]
[WhiteElo "1443"]
[BlackElo "1394"]
[PlyCount "134"]

1. d4 d5 2. Nf3 Nf6 3. Bf4 e6 4. e3 c5 5. c3 Nc6 6. Bd3 Be7 7. O-O O-O 8. h3 b6
9. Nbd2 Bb7 10. Re1 Rc8 11. e4 cxd4 12. exd5 Nxd5 13. Be5 Nxe5 14. Nxe5 dxc3
15. Qh5 Nf6 16. Qe2 cxd2 17. Qxd2 a5 18. Rad1 Bb4 19. Qe2 Bxe1 20. Bxh7+ Kxh7
21. Rxd8 Bxf2+ 22. Qxf2 Rcxd8 23. Kh2 Rd6 24. a3 Kg8 25. Nc4 Ne4 26. Qf4 Rd4
27. Ne3 Rfd8 28. Qc7 R8d7 29. Qb8+ Kh7 30. Qf4 Nc3 31. Qe5 Nd1 32. Qh5+ Kg8 33.
Nc2 Rd2 34. Ne1 Nxb2 35. Nf3 Bxf3 36. Qxf3 R7d3 37. Qa8+ Kh7 38. Qe4+ g6 39. h4
Rd4 40. Qe3 Rxh4+ 41. Kg1 Nd3 42. Qxd2 Rd4 43. Qc3 e5 44. Kf1 Kg7 45. Qc6 e4
46. Ke2 Nf4+ 47. Ke3 Ne6 48. Qxb6 Rd3+ 49. Kxe4 Rg3 50. Qxa5 Rxg2 51. Qc3+ Kf8
52. a4 Rg4+ 53. Ke5 Rxa4 54. Qb3 Rf4 55. Kd5 g5 56. Qg3 Kg7 57. Kd6 Kg6 58. Ke7
Kh5 59. Qh2+ Rh4 60. Qe2+ g4 61. Kxf7 Ng5+ 62. Kg7 Rh3 63. Qe8+ Kh4 64. Kg6 Nf3
65. Qh8+ Kg3 66. Qb8+ Kf2 67. Qa7+ Kg2 0-1

[Event "Tournoi francophone 010 Groupe C"]
[Site "Skype"]
[Date "????.??.??"]
[Round "1.5"]
[White "Rodriguez, Nathalie"]
[Black "Vincent, Andre"]
[Result "0-1"]
[WhiteElo "1319"]
[BlackElo "1273"]
[PlyCount "68"]

1. d4 Nf6 2. Nf3 d5 3. e3 c6 4. Be2 e6 5. h3 Bd6 6. Ne5 Bxe5 7. dxe5 Ne4 8. O-O
O-O 9. Nc3 Nxc3 10. bxc3 Nd7 11. f4 b5 12. Ba3 Re8 13. Bd3 g6 14. Qd2 a5 15.
Rf3 Qb6 16. Rb1 Bb7 17. Kh1 f5 18. Bd6 Ba6 19. a4 b4 20. Rff1 c5 21. Be2 Qc6
22. Bf3 Bxf1 23. Rxf1 Nb6 24. Qd3 Nxa4 25. c4 Nb2 26. Bxd5 exd5 27. Qxd5+ Qxd5
28. cxd5 c4 29. Rb1 c3 30. e6 Ra6 31. Be5 Nc4 32. Bd4 Rd6 33. Bc5 Rxd5 34. e7
Rxc5 0-1

[Event "Tournoi francophone 010 Groupe C"]
[Site "Skype"]
[Date "????.??.??"]
[Round "2.1"]
[White "Amato, Ludovica"]
[Black "Vincent, Andre"]
[Result "0-1"]
[WhiteElo "1379"]
[BlackElo "1273"]
[PlyCount "64"]

1. e4 e5 2. Nf3 d6 3. d4 exd4 4. Nxd4 Be7 5. Bc4 Nf6 6. Nc3 O-O 7. O-O a6 8. a3
c5 9. Nf3 Bg4 10. h3 Bxf3 11. Qxf3 Nc6 12. Qd1 Qd7 13. Bf4 Rad8 14. Qd2 b5 15.
Ba2 b4 16. axb4 cxb4 17. Nd5 Nxe4 18. Qe3 Nf6 19. Nxe7+ Nxe7 20. Rfd1 d5 21.
Bb3 Nf5 22. Qc5 Qb7 23. Bxd5 Nxd5 24. Bh2 Rfe8 25. Ra5 Qe7 26. Qxe7 Rxe7 27.
Rxa6 h6 28. c4 bxc3 29. bxc3 Red7 30. Rc6 Nxc3 31. Rxd7 Rxd7 32. Be5 Ne4 0-1

[Event "Tournoi francophone 010 Groupe C"]
[Site "Skype"]
[Date "????.??.??"]
[Round "2.2"]
[White "Khabou, Taha"]
[Black "Rodriguez, Nathalie"]
[Result "1-0"]
[WhiteElo "1394"]
[BlackElo "1319"]
[PlyCount "61"]

1. e4 e5 2. Nf3 Nc6 3. d4 Nf6 4. d5 Nd4 5. Nxe5 Nxc2+ 6. Qxc2 d6 7. Nf3 Be7 8.
Bd3 g6 9. Nc3 O-O 10. Bh6 Rb8 11. Nb5 Bd7 12. Nxc7 Rc8 13. Rc1 Ng4 14. Bf4 Rxc7
15. Qxc7 b6 16. Qxd8 Rxd8 17. O-O h6 18. h3 Nf6 19. Bxh6 Kh7 20. Bf4 Nh5 21.
Ng5+ Bxg5 22. Bxg5 Re8 23. Rc7 Re5 24. h4 Be8 25. Rxa7 Kg7 26. Rc1 Nf6 27.
Bxf6+ Kxf6 28. Rc8 Kg7 29. Rxe8 Kh6 30. Rxf7 Kh5 31. f4 1-0

[Event "Tournoi francophone 010 Groupe C"]
[Site "Skype"]
[Date "????.??.??"]
[Round "2.3"]
[White "Milanese, Serge"]
[Black "Marino, Giuseppe"]
[Result "1/2-1/2"]
[WhiteElo "1350"]
[BlackElo "1443"]
[PlyCount "65"]

1. d4 d5 2. c4 Nf6 3. Nc3 e6 4. a3 c6 5. e3 Bd6 6. Nf3 Nbd7 7. Bd3 O-O 8. O-O
b6 9. cxd5 exd5 10. Qc2 Re8 11. Re1 Qc7 12. g3 Nf8 13. Ng5 Bg4 14. Bf5 Bxf5 15.
Qxf5 h6 16. Nh3 Qc8 17. Qxc8 Raxc8 18. Bd2 Ne4 19. Re2 Re6 20. f3 Nxd2 21. Rxd2
Rxe3 22. Kf2 Rce8 23. a4 Bb4 24. Re2 Rxe2+ 25. Nxe2 c5 26. Nhf4 cxd4 27. Nxd4
Bd2 28. Nxd5 Re5 29. Rd1 Rxd5 30. Rxd2 Ne6 31. Ke3 Re5+ 32. Kd3 Rd5 33. Ke3
1/2-1/2

[Event "Tournoi francophone 010 Groupe C"]
[Site "Skype"]
[Date "????.??.??"]
[Round "2.4"]
[White "Martin, Jean-Claude"]
[Black "Moumtaz, Abderrahim"]
[Result "1/2-1/2"]
[WhiteElo "1389"]
[BlackElo "1244"]
[PlyCount "109"]

1. d4 d5 2. c4 c6 3. Nf3 Nf6 4. Nc3 Bf5 5. Bf4 Nbd7 6. cxd5 Nxd5 7. Nxd5 cxd5
8. Rc1 Rc8 9. Ne5 Nf6 10. Qa4+ Bd7 11. Nxd7 Nxd7 12. Rxc8 Qxc8 13. Qxa7 e6 14.
Qa4 Be7 15. Qd1 O-O 16. a3 Nf6 17. f3 Qc6 18. e3 Rc8 19. Kd2 Nh5 20. Bd3 Nxf4
21. exf4 f5 22. Qb1 Bf6 23. Rc1 Qd7 24. Ke3 Rxc1 25. Qxc1 Bd8 26. g4 g6 27. g5
Qc7 28. Qxc7 Bxc7 29. a4 Ba5 30. b3 b6 31. Bb5 Bb4 32. Kd3 Ba3 33. Kc2 Bd6 34.
Bd7 Kf7 35. h3 Bxf4 36. b4 Bxg5 37. a5 bxa5 38. bxa5 Bd8 39. a6 Bb6 40. Kd3 Ke7
41. Bb5 g5 42. Ba4 f4 43. Bc2 h6 44. Kc3 Kd6 45. Bg6 Kc7 46. Bf7 Kd7 47. Bg6
Kd6 48. Kd3 e5 49. dxe5+ Kxe5 50. Kc3 Kd6 51. Kb4 d4 52. Kc4 Kc7 53. Kb5 Ba7
54. Bd3 Bb6 55. Be4 1/2-1/2

[Event "Tournoi francophone 010 Groupe C"]
[Site "Skype"]
[Date "????.??.??"]
[Round "2.5"]
[White "De Coninck, Philippe"]
[Black "Bustos, Ricardo"]
[Result "1-0"]
[WhiteElo "1354"]
[BlackElo "1174"]
[PlyCount "45"]

1. e4 c5 2. Nf3 d6 3. d4 cxd4 4. Nxd4 Nf6 5. Nc3 a6 6. Be2 e6 7. Be3 Qa5 8. a3
Qc7 9. O-O Be7 10. Qd2 Nc6 11. f4 b5 12. Rad1 O-O 13. Nxc6 Qxc6 14. e5 Nd5 15.
Bf3 Bb7 16. Nxd5 exd5 17. Bxd5 Qc7 18. exd6 Qxd6 19. Bxb7 Qxd2 20. Rxd2 Rab8
21. Rd7 Bf6 22. c3 Rbe8 23. Bc5 1-0

[Event "Tournoi francophone 010 Groupe C"]
[Site "Skype"]
[Date "????.??.??"]
[Round "3.1"]
[White "Bustos, Ricardo"]
[Black "Amato, Ludovica"]
[Result "1-0"]
[WhiteElo "1174"]
[BlackElo "1379"]
[PlyCount "46"]

1. d4 d5 2. Bg5 h6 3. Bh4 Bf5 4. e3 Nd7 5. c4 Ngf6 6. cxd5 Nxd5 7. Nf3 c6 8.
Nbd2 N5f6 9. Be2 e6 10. Bg3 Be7 11. Ne5 Nxe5 12. dxe5 Nd5 13. e4 Bg6 14. exd5
exd5 15. e6 O-O 16. O-O fxe6 17. Nf3 Bf6 18. Ne5 Bh7 19. Bd3 Bxd3 20. Qxd3 Qb6
21. Nd7 Qxb2 22. Nxf8 Rxf8 23. Rae1 Qxa2 1-0

[Event "Tournoi francophone 010 Groupe C"]
[Site "Skype"]
[Date "????.??.??"]
[Round "3.2"]
[White "Moumtaz, Abderrahim"]
[Black "De Coninck, Philippe"]
[Result "0-1"]
[WhiteElo "1244"]
[BlackElo "1354"]
[PlyCount "80"]

1. d4 e5 2. dxe5 Nc6 3. Nf3 Qe7 4. Bf4 Qb4+ 5. Nc3 Qxf4 6. Nd5 Qa4 7. Nxc7+ Kd8
8. Nxa8 Qa5+ 9. Qd2 Qxd2+ 10. Kxd2 Nge7 11. Rd1 Ng6 12. e3 Ngxe5 13. Nxe5 Nxe5
14. Kc1 Ng4 15. Rd2 Bc5 16. Kb1 Nf6 17. Bd3 d6 18. e4 Bd7 19. c3 b5 20. b4 Bb6
21. Nxb6 axb6 22. f3 Ke7 23. Bxb5 Bxb5 24. Rhd1 Rd8 25. e5 Ne8 26. f4 Ba4 27.
Re1 Kf8 28. e6 Ke7 29. exf7+ Kxf7 30. c4 Rc8 31. Rc1 Bc6 32. b5 Be4+ 33. Kb2
Rc5 34. Re2 Nf6 35. h3 d5 36. cxd5 Rxb5+ 37. Ka1 Rxd5 38. Rc7+ Kg6 39. Kb2 Rd3
40. Rb7 Bxb7 0-1

[Event "Tournoi francophone 010 Groupe C"]
[Site "Skype"]
[Date "????.??.??"]
[Round "3.3"]
[White "Marino, Giuseppe"]
[Black "Martin, Jean-Claude"]
[Result "1/2-1/2"]
[WhiteElo "1443"]
[BlackElo "1389"]
[PlyCount "116"]

1. d4 e5 2. dxe5 Nc6 3. Nf3 Qe7 4. e3 Nxe5 5. Nxe5 Qxe5 6. c3 d6 7. Be2 Nf6 8.
Nd2 Be7 9. Nf3 Qd5 10. Qxd5 Nxd5 11. O-O O-O 12. Re1 Re8 13. Bd2 Be6 14. Rad1
Nf6 15. a3 c5 16. c4 a6 17. Bc3 h6 18. b3 Ne4 19. Bb2 Bf6 20. Bxf6 Nxf6 21.
Rxd6 Ne4 22. Rdd1 Nc3 23. Rc1 Nxe2+ 24. Rxe2 Bg4 25. Rd2 Bxf3 26. gxf3 Red8 27.
Rcd1 Rxd2 28. Rxd2 b5 29. cxb5 axb5 30. Ra2 Rd8 31. a4 Rd3 32. a5 Rd8 33. a6
Ra8 34. Ra5 c4 35. bxc4 bxc4 36. Rc5 Rxa6 37. Rxc4 Rg6+ 38. Rg4 Rf6 39. Kg2 g5
40. f4 Rg6 41. fxg5 hxg5 42. h4 gxh4 43. Kh3 Kh7 44. Rxg6 Kxg6 45. Kxh4 f6 46.
Kg4 f5+ 47. Kf4 Kf6 48. f3 Kg6 49. e4 fxe4 50. Kxe4 Kf6 51. f4 Ke6 52. f5+ Kf6
53. Kf4 Kf7 54. Ke5 Ke7 55. f6+ Kf7 56. Kf5 Kf8 57. Ke6 Ke8 58. f7+ Kf8 1/2-1/2

[Event "Tournoi francophone 010 Groupe C"]
[Site "Skype"]
[Date "????.??.??"]
[Round "3.4"]
[White "Rodriguez, Nathalie"]
[Black "Milanese, Serge"]
[Result "0-1"]
[WhiteElo "1319"]
[BlackElo "1350"]
[PlyCount "74"]

1. d4 Nf6 2. Nf3 e6 3. e3 d5 4. Be2 a6 5. Nc3 Nbd7 6. a3 Be7 7. h3 O-O 8. O-O
c5 9. Bd2 Qc7 10. b4 cxb4 11. axb4 Bxb4 12. Na2 Bxd2 13. Qxd2 Re8 14. c3 e5 15.
dxe5 Nxe5 16. Nxe5 Rxe5 17. f4 Ne4 18. Qe1 Re7 19. Rc1 b5 20. Nb4 Bb7 21. Bf3
Nf6 22. Rd1 Qc5 23. Rd3 a5 24. Na2 a4 25. Nb4 a3 26. Qd2 Qc4 27. Bxd5 Ne4 28.
Bxe4 Qxe4 29. Rd8+ Rxd8 30. Qxd8+ Re8 31. Qd2 Rc8 32. Na2 g6 33. Rc1 Kg7 34.
Nb4 Rd8 35. Nd3 Rxd3 36. Qe2 Rxe3 37. f5 Rxe2 0-1

[Event "Tournoi francophone 010 Groupe C"]
[Site "Skype"]
[Date "????.??.??"]
[Round "3.5"]
[White "Vincent, Andre"]
[Black "Khabou, Taha"]
[Result "1-0"]
[WhiteElo "1273"]
[BlackElo "1394"]
[PlyCount "73"]

1. d4 d5 2. c4 e6 3. Nf3 Nf6 4. Bg5 Be7 5. e3 Nbd7 6. Nc3 c5 7. Qc2 cxd4 8.
exd4 dxc4 9. Bxc4 Nb6 10. Bb5+ Bd7 11. O-O Rc8 12. Bxd7+ Qxd7 13. Qb3 Rc4 14.
Qb5 Qxb5 15. Nxb5 a6 16. Nc3 O-O 17. Bxf6 Bxf6 18. Rfd1 Rfc8 19. Ne4 Be7 20. b3
Rc2 21. h4 Ba3 22. g4 Bb2 23. Rab1 Nd5 24. a4 f5 25. Nd6 R8c7 26. Re1 fxg4 27.
Rxe6 h6 28. Ne1 Nc3 29. Nxc2 Nxb1 30. Ne3 Bxd4 31. Nxg4 Nd2 32. Kg2 Nxb3 33. h5
Nc5 34. Re8+ Kh7 35. Nf5 Bc3 36. Ne7 Rd7 37. Ng6 1-0

[Event "Tournoi francophone 010 Groupe C"]
[Site "Skype"]
[Date "????.??.??"]
[Round "4.1"]
[White "Amato, Ludovica"]
[Black "Khabou, Taha"]
[Result "1-0"]
[WhiteElo "1379"]
[BlackElo "1394"]
[PlyCount "57"]

1. e4 e6 2. d4 d5 3. Bd3 dxe4 4. Bxe4 Nf6 5. Bf3 Nbd7 6. Be2 c5 7. Nf3 cxd4 8.
Nxd4 Ne5 9. O-O a6 10. a3 Bc5 11. Nf3 Qxd1 12. Bxd1 Nfg4 13. h3 Nxf3+ 14. Bxf3
Nf6 15. Nc3 Rb8 16. Bf4 Ra8 17. Rfd1 O-O 18. Ne4 Nxe4 19. Bxe4 Ra7 20. Rd2 f6
21. Bd6 Bxd6 22. Rxd6 f5 23. Bf3 e5 24. Rad1 e4 25. Be2 b5 26. c4 bxc4 27.
Bxc4+ Kh8 28. Rd8 Bb7 29. Rxf8# 1-0

[Event "Tournoi francophone 010 Groupe C"]
[Site "Skype"]
[Date "????.??.??"]
[Round "4.2"]
[White "Milanese, Serge"]
[Black "Vincent, Andre"]
[Result "1/2-1/2"]
[WhiteElo "1350"]
[BlackElo "1273"]
[PlyCount "61"]

1. d4 Nf6 2. c4 d5 3. Nc3 e6 4. a3 Be7 5. Nf3 h6 6. e3 O-O 7. Bd3 b6 8. O-O Bb7
9. Re1 Nbd7 10. e4 dxe4 11. Bxe4 Nxe4 12. Nxe4 Nf6 13. Nc3 a6 14. Ne5 Bd6 15.
Bf4 Qe7 16. Bg3 Rac8 17. Ng4 Bxg3 18. hxg3 Nxg4 19. Qxg4 Qf6 20. a4 Rcd8 21.
Ne4 Qxd4 22. Rad1 Qxb2 23. Rxd8 Rxd8 24. Qh4 Qd4 25. Qg4 c5 26. Kh2 f5 27. Qg6
fxe4 28. Qxe6+ Kh8 29. Qxb6 Rd7 30. Qe6 Qd6 31. Qe8+ 1/2-1/2

[Event "Tournoi francophone 010 Groupe C"]
[Site "Skype"]
[Date "????.??.??"]
[Round "4.3"]
[White "Martin, Jean-Claude"]
[Black "Rodriguez, Nathalie"]
[Result "0-1"]
[WhiteElo "1389"]
[BlackElo "1319"]
[PlyCount "76"]

1. d4 d5 2. c4 Nf6 3. Nc3 dxc4 4. e4 e6 5. Bxc4 c6 6. Bg5 Be7 7. Nf3 O-O 8. e5
Nd5 9. Bxe7 Qxe7 10. Bxd5 cxd5 11. O-O h6 12. Rc1 Nc6 13. h3 Bd7 14. a3 a6 15.
Na4 Na5 16. Nb6 Rad8 17. Nxd7 Qxd7 18. Rc3 Nc4 19. Qb3 b5 20. Rd1 f5 21. Nd2
Qa7 22. Nxc4 dxc4 23. Qc2 Rxd4 24. Rxd4 Qxd4 25. b3 cxb3 26. Qxb3 Qxe5 27. Re3
Qa1+ 28. Kh2 Kh7 29. Rxe6 Rf6 30. Rxf6 Qe5+ 31. Kg1 Qxf6 32. a4 Qa1+ 33. Kh2
Qe5+ 34. Kg1 Qe1+ 35. Kh2 Qe5+ 36. Kg1 Qa1+ 37. Kh2 Qxa4 38. Qxa4 bxa4 0-1

[Event "Tournoi francophone 010 Groupe C"]
[Site "Skype"]
[Date "????.??.??"]
[Round "4.4"]
[White "De Coninck, Philippe"]
[Black "Marino, Giuseppe"]
[Result "0-1"]
[WhiteElo "1354"]
[BlackElo "1443"]
[PlyCount "30"]

1. e4 e5 2. Nf3 d6 3. Bc4 Be7 4. O-O Nf6 5. Nc3 c6 6. d4 exd4 7. Nxd4 Bg4 8.
Be2 Bxe2 9. Qxe2 O-O 10. e5 dxe5 11. Qxe5 Re8 12. Qg3 Qxd4 13. Bh6 Qg4 14. Bf4
Qxg3 15. Bxg3 Bb4 0-1

[Event "Tournoi francophone 010 Groupe C"]
[Site "Skype"]
[Date "????.??.??"]
[Round "4.5"]
[White "Bustos, Ricardo"]
[Black "Moumtaz, Abderrahim"]
[Result "1/2-1/2"]
[WhiteElo "1174"]
[BlackElo "1244"]
[PlyCount "115"]

1. d4 Nf6 2. Bg5 d5 3. Bxf6 gxf6 4. e3 e5 5. c4 Bb4+ 6. Nc3 c6 7. a3 Bxc3+ 8.
bxc3 e4 9. cxd5 cxd5 10. Ne2 Bg4 11. Qd2 f5 12. Nf4 O-O 13. Be2 Bxe2 14. Qxe2
Kh8 15. O-O Rg8 16. Qh5 Qd7 17. Qh3 Nc6 18. Rad1 Rad8 19. Nh5 Qe6 20. Nf4 Qd7
21. Rc1 Ne7 22. c4 dxc4 23. Rxc4 Rc8 24. Rcc1 Nd5 25. Nxd5 Qxd5 26. Qh6 Qe6 27.
Qxe6 fxe6 28. g3 Rc6 29. Rxc6 bxc6 30. Kg2 Re8 31. Rc1 Rc8 32. f3 Kg7 33. fxe4
fxe4 34. Kf2 Kf6 35. Ke2 Kf5 36. Kf2 Kg4 37. Kg2 Kf5 38. Rc5+ Kf6 39. h3 h6 40.
g4 Rc7 41. Re5 Rf7 42. Rxe4 Ke7 43. Kg3 Kd6 44. h4 Rf1 45. Rf4 Rg1+ 46. Kf3 Ke7
47. Ke4 Ra1 48. g5 hxg5 49. hxg5 Rxa3 50. g6 Rb3 51. g7 Rb8 52. Rh4 Rg8 53. Rh7
Kf6 54. Kf4 Rxg7 55. Rxg7 Kxg7 56. Ke5 Kf7 57. Kd6 a5 58. Kc5 1/2-1/2

[Event "Tournoi francophone 010 Groupe C"]
[Site "Skype"]
[Date "????.??.??"]
[Round "5.1"]
[White "Moumtaz, Abderrahim"]
[Black "Amato, Ludovica"]
[Result "0-1"]
[WhiteElo "1244"]
[BlackElo "1379"]
[PlyCount "140"]

1. d4 d5 2. c4 c6 3. Nc3 dxc4 4. e4 b5 5. a4 b4 6. Na2 Bb7 7. Qc2 b3 8. Qxc4
bxa2 9. Bd3 Nf6 10. Qxa2 c5 11. Nf3 Nxe4 12. Bb5+ Nd7 13. O-O e6 14. Ne5 Nef6
15. Bg5 Bc8 16. Bxf6 Qxf6 17. Bxd7+ Bxd7 18. Nxd7 Kxd7 19. Qc4 a6 20. b4 cxb4
21. d5 Bd6 22. Qc6+ Ke7 23. Qb7+ Bc7 24. Qxc7+ Kf8 25. Qd6+ Qe7 26. Qxe7+ Kxe7
27. Rfe1 Rab8 28. Rab1 a5 29. f4 Rb6 30. f5 Rd8 31. dxe6 fxe6 32. fxe6 Rxe6 33.
Rxe6+ Kxe6 34. Rb2 Rd1+ 35. Kf2 Ra1 36. Ke2 Rxa4 37. Kd2 Kd5 38. Rc2 b3 39. Rc3
Ra2+ 40. Kc1 a4 41. Kb1 Kd4 42. Rg3 g6 43. Rg4+ Ke3 44. h3 a3 45. Rg3+ Kf4 46.
Rxb3 Rxg2 47. Rxa3 Rg3 48. Ra4+ Ke3 49. h4 Kf3 50. Kc2 Rg4 51. Ra3+ Kg2 52. Ra2
Rxh4 53. Kd1+ Kf3 54. Ke1 Rh1+ 55. Kd2 Rh2+ 56. Kd3 Rxa2 57. Kd4 Ra5 58. Kc3
Ra4 59. Kb3 Re4 60. Kc3 Ke3 61. Kc2 Rd4 62. Kc3 h5 63. Kc2 Rd3 64. Kc1 Rd2 65.
Kb1 Kd3 66. Kc1 Kc3 67. Kb1 Rc2 68. Ka1 Kb3 69. Kb1 Rc3 70. Ka1 Rc1# 0-1

[Event "Tournoi francophone 010 Groupe C"]
[Site "Skype"]
[Date "????.??.??"]
[Round "5.2"]
[White "Marino, Giuseppe"]
[Black "Bustos, Ricardo"]
[Result "1-0"]
[WhiteElo "1443"]
[BlackElo "1174"]
[PlyCount "87"]

1. d4 f5 2. e3 e6 3. Qh5+ g6 4. Qd1 d5 5. Bd3 Nf6 6. Nf3 Nbd7 7. Ng5 Qe7 8. b3
Ne4 9. Nxe4 dxe4 10. Ba3 Qg7 11. Bxf8 Qxf8 12. Be2 Nf6 13. c3 Bd7 14. b4 a6 15.
Qc2 Qe7 16. Nd2 b5 17. a3 O-O 18. c4 c6 19. O-O Rac8 20. Qb2 Qg7 21. a4 bxa4
22. Rxa4 Ra8 23. c5 Nd5 24. Rxa6 Rxa6 25. Bxa6 Ra8 26. Ra1 Qf8 27. Ra3 Rb8 28.
Rb3 Nc7 29. Bc4 Qf6 30. Ra3 Rf8 31. Ra7 Qd8 32. Ra1 Kf7 33. Rf1 Qf6 34. f3 exf3
35. Nxf3 Kg8 36. Ne5 Bc8 37. Nxc6 Ba6 38. Bxa6 Nxa6 39. Ne5 Rd8 40. Qa3 Nc7 41.
Nc6 Ra8 42. Qb3 Nd5 43. e4 Qxd4+ 44. Nxd4 1-0

[Event "Tournoi francophone 010 Groupe C"]
[Site "Skype"]
[Date "????.??.??"]
[Round "5.3"]
[White "Rodriguez, Nathalie"]
[Black "De Coninck, Philippe"]
[Result "1-0"]
[WhiteElo "1319"]
[BlackElo "1354"]
[PlyCount "57"]

1. d4 e5 2. Nf3 e4 3. Nfd2 Nf6 4. e3 d5 5. c3 Nc6 6. Nb3 Be7 7. Be2 O-O 8. O-O
a5 9. a4 Bd7 10. Nc5 Bxc5 11. dxc5 Qe7 12. h3 Qxc5 13. Nd2 Qd6 14. f4 b5 15.
axb5 Ne7 16. Nb3 Nf5 17. Nd4 Nxd4 18. exd4 Bxh3 19. gxh3 Rfe8 20. Be3 h5 21.
Rf2 g5 22. fxg5 Nh7 23. Bxh5 Re7 24. Qf1 Qg3+ 25. Kh1 Nxg5 26. Bxg5 Qxg5 27.
Bxf7+ Rxf7 28. Rxf7 Rf8 29. Rf2 1-0

[Event "Tournoi francophone 010 Groupe C"]
[Site "Skype"]
[Date "????.??.??"]
[Round "5.4"]
[White "Vincent, Andre"]
[Black "Martin, Jean-Claude"]
[Result "1/2-1/2"]
[WhiteElo "1273"]
[BlackElo "1389"]
[PlyCount "68"]

1. d4 e5 2. Nc3 Bb4 3. e3 e4 4. Nge2 Bxc3+ 5. Nxc3 Nf6 6. Bc4 d5 7. Bb3 Nc6 8.
O-O O-O 9. h3 Bd7 10. Nxd5 Na5 11. Nxf6+ Qxf6 12. c3 Nxb3 13. axb3 Qg6 14. Kh2
Qd6+ 15. g3 Qh6 16. g4 f5 17. f3 fxg4 18. fxg4 Rxf1 19. Qxf1 Bxg4 20. Qg2 Bf3
21. Qg3 Qd6 22. Qxd6 cxd6 23. Bd2 a6 24. b4 d5 25. Kg3 Rf8 26. Rf1 Be2 27.
Rxf8+ Kxf8 28. Kf4 Bc4 29. h4 Kf7 30. Ke5 Ke7 31. Be1 g6 32. Bg3 b6 33. Bf4 b5
34. Bg5+ Kf7 1/2-1/2

[Event "Tournoi francophone 010 Groupe C"]
[Site "Skype"]
[Date "????.??.??"]
[Round "5.5"]
[White "Khabou, Taha"]
[Black "Milanese, Serge"]
[Result "1-0"]
[WhiteElo "1394"]
[BlackElo "1350"]
[PlyCount "57"]

1. e4 e5 2. Nf3 Nc6 3. d4 exd4 4. Nxd4 Nf6 5. Nc3 Bb4 6. Nf5 Bxc3+ 7. bxc3 Nxe4
8. Nxg7+ Kf8 9. Bh6 Qf6 10. Ne6+ Ke7 11. Qf3 Qxh6 12. Qxe4 Qxe6 13. Bd3 Qxe4+
14. Bxe4 Re8 15. O-O Kf8 16. Bxh7 d6 17. Rab1 Kg7 18. Bd3 Na5 19. Rb5 b6 20.
Rh5 Kf6 21. f4 Bd7 22. Rf3 Bg4 23. Rh6+ Kg7 24. Rh7+ Kf6 25. Rg3 Bf5 26. Rh6+
Bg6 27. f5 Re1+ 28. Kf2 Rae8 29. fxg6 1-0

[Event "Tournoi francophone 010 Groupe C"]
[Site "Skype"]
[Date "????.??.??"]
[Round "6.1"]
[White "Amato, Ludovica"]
[Black "Milanese, Serge"]
[Result "0-1"]
[WhiteElo "1379"]
[BlackElo "1350"]
[PlyCount "76"]

1. e4 e5 2. Nf3 Nc6 3. Bc4 Bc5 4. c3 Nf6 5. d3 a6 6. Bb3 d6 7. O-O O-O 8. h3 h6
9. Re1 Re8 10. Nbd2 b5 11. Nf1 Nh5 12. Be3 Bxe3 13. fxe3 Qf6 14. d4 exd4 15.
exd4 Qg6 16. Nh4 Qg5 17. Qf3 Nf4 18. Qg3 Qxg3 19. Nxg3 Nd3 20. Rf1 Nd8 21. Rab1
c6 22. Rf3 g5 23. Nhf5 Bxf5 24. Nxf5 Nf4 25. Nxd6 Re7 26. Re1 Nde6 27. Nf5 Rd7
28. Nxh6+ Kg7 29. Ng4 b4 30. Ba4 Rd6 31. e5 Rdd8 32. Bxc6 Rac8 33. Bb7 Rc7 34.
Bxa6 Ra8 35. Bf1 Rxa2 36. Re2 Nxe2+ 37. Bxe2 bxc3 38. Rf2 c2 0-1

[Event "Tournoi francophone 010 Groupe C"]
[Site "Skype"]
[Date "????.??.??"]
[Round "6.2"]
[White "Martin, Jean-Claude"]
[Black "Khabou, Taha"]
[Result "0-1"]
[WhiteElo "1389"]
[BlackElo "1394"]
[PlyCount "80"]

1. d4 d5 2. c4 e6 3. Nc3 Nf6 4. Bg5 Be7 5. e3 Nbd7 6. Nf3 c5 7. cxd5 Nxd5 8.
Bxe7 Nxe7 9. dxc5 Nxc5 10. Bb5+ Nd7 11. Ne5 a6 12. Bxd7+ Bxd7 13. Nxd7 Qxd7 14.
Qxd7+ Kxd7 15. Rd1+ Kc6 16. O-O Ng6 17. f4 Rad8 18. e4 Rxd1 19. Rxd1 Nxf4 20.
g3 Ng6 21. Kf2 Ne5 22. h3 Kc7 23. Na4 Rd8 24. Rxd8 Kxd8 25. Nc5 Kc7 26. b3 Kc6
27. Na4 Kb5 28. a3 Nd3+ 29. Ke3 Nc1 30. Nc3+ Kc5 31. b4+ Kc4 32. Nb1 Kb3 33.
Kd2 Kb2 34. Nc3 Nb3+ 35. Kd3 Kxa3 36. Kc4 b6 37. b5 a5 38. Nb1+ Kb2 39. Nc3 Nc5
40. Kd4 a4 0-1

[Event "Tournoi francophone 010 Groupe C"]
[Site "Skype"]
[Date "????.??.??"]
[Round "6.3"]
[White "De Coninck, Philippe"]
[Black "Vincent, Andre"]
[Result "1-0"]
[WhiteElo "1354"]
[BlackElo "1273"]
[PlyCount "59"]

1. e4 e5 2. Nf3 d6 3. Bc4 h6 4. Nc3 Nf6 5. d4 Nbd7 6. dxe5 Nxe5 7. Nxe5 dxe5 8.
Qxd8+ Kxd8 9. O-O c6 10. Bxf7 Bc5 11. h3 g5 12. g4 Ke7 13. Bc4 Be6 14. Bd3 Rad8
15. Na4 Bb4 16. a3 Bd6 17. Be3 b6 18. Nc3 Rd7 19. b4 Rhd8 20. Ne2 b5 21. Ng3
Kf7 22. Rac1 Kg6 23. c4 Be7 24. Be2 Rh8 25. cxb5 cxb5 26. Bxb5 Rb7 27. Ne2 Rd7
28. Rc6 Kf7 29. Rfc1 Rdd8 30. Ra6 1-0

[Event "Tournoi francophone 010 Groupe C"]
[Site "Skype"]
[Date "????.??.??"]
[Round "6.4"]
[White "Bustos, Ricardo"]
[Black "Rodriguez, Nathalie"]
[Result "1-0"]
[WhiteElo "1174"]
[BlackElo "1319"]
[PlyCount "37"]

1. d4 d5 2. c4 Nf6 3. Nf3 e6 4. cxd5 Nxd5 5. e4 Nb6 6. b3 h6 7. Bb2 Be7 8. Nc3
c6 9. Na4 Nxa4 10. bxa4 Bb4+ 11. Nd2 O-O 12. Bc1 Bc3 13. Rb1 Bxd4 14. Bd3 f5
15. O-O fxe4 16. Nxe4 Nd7 17. Bb2 Bb6 18. Qg4 Nc5 19. Qxg7# 1-0